Statistiques concernant Foot:Les Huitièmes de Finale en Coupe du Monde de football depuis 1986

Cliquez ici pour prendre le quiz!

Statistiques générales

  • Ce quiz a été pris 2 474 fois
  • Le résultat moyen est 39 sur 47

Statistiques - réponses

Réponse% Correct
France
100%
Argentine
99%
Brésil
99%
RFA
99%
Allemagne
98%
Espagne
98%
Angleterre
97%
Portugal
97%
URSS
96%
Italie
95%
Japon
95%
Uruguay
95%
Belgique
94%
Croatie
94%
Russie
94%
Pays-Bas
93%
Etats-Unis
92%
Mexique
92%
Suède
92%
Suisse
92%
Algérie
91%
Corée du Sud
90%
Colombie
89%
Maroc
89%
Danemark
88%
Australie
85%
Chili
85%
Sénégal
85%
Pologne
84%
RF Yougoslavie
79%
Yougoslavie
79%
Nigeria
78%
Cameroun
77%
Grèce
75%
Turquie
75%
Irlande
74%
Ghana
73%
Norvège
72%
Paraguay
72%
Costa Rica
71%
Ukraine
70%
Tchécoslovaquie
67%
Bulgarie
61%
Roumanie
60%
Equateur
58%
Slovaquie
54%
Arabie Saoudite
48%

Distribution des résultats

Percentile par nombre de réponses

% des personnes avec chaque résultat

Votre développement - résultats

Vous n’avez pas pris ce quiz